La Capilla del Rey Don Sancho el Bravo y los Cenotafios Reales en la Catedral de Toledo / (Record no. 70273)

MARC details
000 -LEADER
campo de control de longitud fija 00522nam a2200157 i 4500
001 - NÚMERO DE CONTROL
campo de control 70273
003 - IDENTIFICADOR DE NÚMERO DE CONTROL
campo de control ES-MaACL
005 - FECHA Y HORA DE LA ÚLTIMA TRANSACCIÓN
campo de control 20230906170755.0
007 - CAMPO FIJO DE DESCRIPCIÓN FÍSICA--INFORMACIÓN GENERAL
campo de control de longitud fija t|
008 - DATOS DE LONGITUD FIJA--INFORMACIÓN GENERAL
campo de control de longitud fija 040721s1922 sp ||||1| spa d
100 1# - ENTRADA PRINCIPAL--NOMBRE DE PERSONA
Nombre de persona García Rey, Verardo.
9 (RLIN) 55172
245 13 - MENCIÓN DEL TÍTULO
Título La Capilla del Rey Don Sancho el Bravo y los Cenotafios Reales en la Catedral de Toledo /
Mención de responsabilidad, etc. Verardo García Rey.
260 ## - PUBLICACIÓN, DISTRIBUCIÓN, ETC.
Lugar de publicación, distribución, etc. Toledo :
Nombre del editor, distribuidor, etc. [s.n.],
Fecha de publicación, distribución, etc. 1922 (
Fabricante Est. Tip. de Sucesor de J. Pelèz)
300 ## - DESCRIPCIÓN FÍSICA
Extensión 22 p., 1 lám. ;
Dimensiones 23 cm.
852 ## - LOCALIZACIÓN
Ubicación ES-MaACL
Número de control de estantería 1638-F-5
Holdings
Estatus retirado Estado de pérdida Estado de daño No para préstamo Colección Biblioteca de origen Biblioteca actual Ubicación en estantería Fecha de adquisición Fuente de adquisición Total de préstamos Signatura topográfica completa Código de barras Visto por última vez Precio de reemplazo Tipo de ítem Koha
        Colección de folletos Biblioteca del Ateneo de Madrid Biblioteca del Ateneo de Madrid Depósito folletos 17/01/2008     1638-F-5 1073588 23/02/2023 23/02/2023 Folleto